| 000 | 00615nam a2200193Ia 4500 | ||
|---|---|---|---|
| 003 | LK-CoDNM | ||
| 008 | 010623t1918 xxu||||| |||| 00| 1 sin d | ||
| 040 |
_aLK-CoDNM _dLK-CoDNM _eLK-CoDNM |
||
| 041 | _asin | ||
| 080 | _a104 J 20 | ||
| 100 | _aGunathilaka,D.J.W. | ||
| 245 | _aජයරත්න කුමාරයාගේ සහ පහන්තරු කුමරියගේ කථාව | ||
| 246 | _aJayaratna Kumarayage and Pahan Taru Kumariyage Kathaawa | ||
| 260 |
_bSevya Sri _aMaradana _c1918 |
||
| 300 | _b20p, 21 cm | ||
| 650 | _aJayaratna Kumaraya | ||
| 650 | _aPahan Taru Kumariya | ||
| 942 | _cBK | ||
| 999 |
_c89511 _d89511 |
||